Random Slovenian Words - Statistics

General Stats
  • This quiz has been taken 450 times
    188 since last reset
  • The average score is 10 of 15
Answer Stats
Slovenian English % Correct
Papir Paper
97%
Krona Crown
87%
Datum Date
84%
Ogenj Fire
79%
Drevo Tree
78%
Gost Guest
68%
Oblika Shape
61%
Kolo Wheel/Bike
61%
Rjav Brown
58%
Vzhodno East
56%
Puran Turkey
55%
Sedež Seat
53%
Ograjo Fence
51%
Vijak Screw
47%
Žuželke Insect
36%
No matching quizzes found
Score Distribution
Percent of People with Each Score
Percentile by Number Answered
Your Score History
You have not taken this quiz since the last reset